Städte und Gemeinden in Schleswig-Holstein - Sudden Death #1 - Statistiken

Allgemein
  • Dieses Quiz wurde 498 mal gespielt
  • Das Durchschnittsergebnis liegt bei 5 aus 21
Answers on the Grid
Answers color-coded by a green-red scale on the quiz's grid according to % correct below.
Altengörs
Bad Brambach
Bad Oldesloe
Bergedorf
Blankensee
Burg
Dietrichsdorf
Eckernförde
Einfeld
Estingen
Fehmarn
Felde
Flensburg
Föhr
Glücksberg
Hamburg
Heide
Hüsum
Kellinghusen
Kiel
Kronshagen
Lauenburg
Neuenkirchen
Neustadt
Norderstedt
Oldenburg
Plön
Schleswig
Schönberg
Schwentinental
Schwerin
Segeberg
Steinburg
Travemünde
Ulzburg
Wedel
 
Antwortstatistiken
Antwort % Korrekt
Landeshauptstadt Kiel
47%
Kreisfreie Stadt im Norden des Landes Flensburg
43%
Kreisstadt im gleichnamigen Kreis Plön
36%
Kreisstadt des Kreises Schleswig-Flensburg Schleswig
36%
Kreisstadt des Kreises Steinburg Bad Oldesloe
33%
Größte Stadt im Kreis Segeberg Norderstedt
31%
Stadt im Kreis Rendsburg-Eckernförde Eckernförde
29%
Kreisstadt des Kreises Dithmarschen Heide
26%
Diese Stadt im Kreis Ostholstein füllt die gleichnamige Insel komplett aus Fehmarn
25%
Stadt im Kreis Pinneberg Wedel
21%
Stadt im Kreis Ostholstein Oldenburg
20%
Stadt im Kreis Herzogtum Lauenburg Lauenburg
19%
Stadt im Kreis Ostholstein Neustadt
17%
Stadt im Kreis Steinburg Kellinghusen
14%
Gemeinde im Kreis Steinburg Burg
13%
Gemeinde im Kreis Rendsburg-Eckernförde Kronshagen
12%
Gemeinde im Kreis Stormarn (ja, ich weiß, das ist fies) Steinburg
11%
Stadt im Kreis Plön Schwentinental
10%
Gemeinde im Kreis Plön Schönberg
7%
Gemeinde im Kreis Rendsburg-Eckernförde Felde
5%
Gemeinde im Kreis Dithmarschen Neuenkirchen
3%
Keine übereinstimmenden Quizze gefunden
Verteilung der Resultate
Anzahl Personen mit jedem Resultat
Perzentil nach korrekt beantworteten Fragen
Ihre Resultats-Entwicklung
Sie haben dieses Quiz noch nicht gespielt